Microsoft Word for Windows 2.0 /

Guardado en:
Detalles Bibliográficos
Autor principal: Zůna, Pavel (Autor)
Formato: Libro
Lenguaje:checo
Publicado: Praha : Grada, 1992
Colección:"Nestůjte za dveřmi
Etiquetas: Agregar Etiqueta
Sin Etiquetas, Sea el primero en etiquetar este registro!

MARC

LEADER 00000nam a22000003a 4500
001 stu27125
005 20150617225700.3
008 931116s1992----cs------------------cze-d
020 |a 80-85424-86-X 
040 |a STU  |b slo 
041 0 |a cze 
044 |a cs 
080 |a 519.687 
100 1 |a Zůna, Pavel  |4 aut 
245 1 |a Microsoft Word for Windows 2.0 /  |c [aut]Zůna,Pavel 
260 |a Praha :  |b Grada,  |c 1992 
300 |a 491 s 
830 0 |a "Nestůjte za dveřmi 
996 |c V*41696/O-17732  |l VV8  |s P  |a 0  |w stu27125_0002